zpět

Detail výsledku týmu

Základna U Pata, Milovice

Datum a čas kvízu

27 Celkem bodů Celkový počet nahraných bodů na tomto kvízu bez doplňovacích otázek.
6. Pořadí na kvízu Konečné umístění týmu na tomto kvízu.

Zaznamenané odpovědi

# Otázka Odpověď Body Výsledky
1. Ve čtvrtek pronásledovali praž... Rohlík (Rohlík.cz) 1
2. Konverzační robot umělé inteli... Adolfa Hitlera 1
3. Po několika týdnech dohadování... Rubicon 0
4. Evropská unie definitivně schv... Bulharsko 0
5. Který český sportovec či sport... Kateřina Siniaková, smíšená čtyřhra (mix) 1
6. Chcete-li vidět něco, co velmi... Moravská Sahara 0
7. Rejvíz je národní přírodní rez... A) Jeseníků 1
8. Chráněná krajinná oblast Pálav... Pavlovské vrchy, Nové Mlýny (Novomlýnská nádrž) 0
9. Nyní se podíváme na nejdelší j... Koněpruské jeskyně 1
10. Nesmíme opomenout Národní park... C) Kamenice 1